000 01046nmm a2200385 a 4500
003 AR-BaBNM
005 20251128203052.0
008 297019s1959 ||||||||||||||000 | spa||
040 _cAR-BaBNM
100 1 _aChurchill, Winston Spencer
_cSir
_d1874-1965
245 1 0 _aHistoria de Inglaterra y de los pueblos de habla inglesa
_blas grandes democracias. 4
250 _a1ª ed.
260 _aBuenos Aires
_bPeuser
_c1959
300 _a330 p.
_bmapas, láms., il.
500 _aContiene índice analítico p. 313-328
650 4 _aHISTORIA EUROPEA
650 4 _aSOCIEDAD
650 4 _aECONOMIA
650 4 _aRELIGION
650 4 _aREFORMA
650 4 _aREVOLUCION
650 4 _aCIENCIAS POLITICAS
650 4 _aFILOSOFIA
650 4 _aIDEOLOGIAS
650 4 _aGUERRA
650 4 _aDISTURBIOS CIVILES
650 4 _aPROBLEMAS SOCIALES
650 4 _aHISTORIA AFRICANA
650 4 _aESCLAVITUD
651 4 _aReino Unido
651 4 _aAfrica
700 1 _aFerrari, Santiago
_etraductor
942 _cBK
998 _cmariana
999 _c1746
_d1746